Pemikiran kritis dan logik

Bibliographic Details
Main Author: Lok Chong Hoe
Format: Book
Published: Pulau-Pinang : USM , 2006
Subjects:

MARC

LEADER 00000cam a2200000 7i4500
001 0000015558
005 20080331.0
008 080331
020 |a 9832514495 
090 0 0 |a 153.42   |b LOK 
100 0 |a Lok Chong Hoe 
245 1 0 |a Pemikiran kritis dan logik   |c Lok Chong Hoe 
260 |a Pulau-Pinang :   |b USM ,   |c 2006 
650 0 |a Creative thinking 
650 0 |a Critical thinking 
650 0 |a Thought and thinking 
999 |a 0001018171   |b Book   |c Adult Collection   |e Perbadanan Perpustakaan Awam Johor 
999 |a 0001018172   |b Book   |c Adult Collection   |e Perbadanan Perpustakaan Awam Johor